| 000 | 00847nas a2200277 4500 | ||
|---|---|---|---|
| 001 | BR7601844 | ||
| 003 | BR-BrBNA | ||
| 005 | 20231205082941.0 | ||
| 007 | ta | ||
| 008 | 230509b bl.|||p| |||| 00| 00por d | ||
| 040 |
_aBR-BrBNA _bpor _cBiblioteca Nacional de Agricultura |
||
| 041 | _a(Pt) | ||
| 072 | _aL73 | ||
| 100 | 1 | _aRosa, I.V. | |
| 100 | 1 | _aCarvalho, J.C. | |
| 100 | 1 | _aHouser, R.H. | |
| 100 | 1 | _aDobereiner, J. | |
| 245 | 1 | _aInfluencia de racao balanceada sobre a cara inchada (doenca peridentaria)de bezerros | |
| 650 | _aBEZERRO | ||
| 650 | _aDOENCA PERIDENTARIA | ||
| 650 | _aRACAO BALANCEADA | ||
| 650 | _aCARA INCHADA | ||
| 773 | 0 |
_tPesquisa Agropecuaria Brasileira. Serie Veterinaria (Brazil) _xISSN 0304-4351 _g(1976), v. 11(9) p. 59-63 _wBR7601844 |
|
| 909 |
_a202311 _bLúcia _c55 _dLúcia Elande |
||
| 942 |
_2AGRIS _n0 _cANA |
||
| 999 |
_c95323 _d95323 |
||